000
00292nam a2200109Ia 4500
008
230724s2008 xx und d
041
_a
eng
100
_a
C.S.I.INSTITUTE OF TECHNOLOGY
245
_a
NASA INFORMATION AND DOCUMENTATION 2006 HUDCO TROPHY
260
_b
NA
_c
2008
300
_a
208
999
_c
1177934
_d
1177934